| 000 | 00434nam a2200157Ia 4500 | ||
|---|---|---|---|
| 008 | 231217s9999 xx 000 0 und d | ||
| 020 | _a8178811782 | ||
| 041 | _aEnglish | ||
| 082 | _a657 SEE.9;2 | ||
| 100 | _aSeethapathi, K ed. | ||
| 245 | 0 | _aAccounting standards V 9 : stckholders equity | |
| 260 |
_c2003 _bIcfai _aHyderabad |
||
| 300 | _aviii,169+A13 | ||
| 650 | _aAccounting,standards,V,9,stckholders,equity | ||
| 942 | _cAA | ||
| 999 |
_c189711 _d189711 |
||